[Event "Milan Palladino Memorial-B 7th"]
[Site "Milan"]
[Date "2015.04.06"]
[Round "7"]
[White "Ceraulo, Carlo Alberto"]
[Black "Colonetti, Giacomo"]
[Result "1/2-1/2"]
[WhiteElo "1467"]
[BlackElo "1338"]
[PlyCount "109"]
[EventDate "2015.04.02"]
[EventType "swiss"]
[EventRounds "7"]
[EventCountry "ITA"]
[SourceTitle "EXT 2017"]
[Source "ChessBase"]
[SourceDate "2016.10.25"]
[SourceVersion "1"]
[SourceVersionDate "2016.10.25"]
[SourceQuality "1"]

1. d4 Nf6 2. c4 g6 3. Nc3 d5 4. e3 Bg7 5. Nf3 0-0 6. Be2 e6 7. b3 Re8 8. Bb2 Nbd7 9. Qd2 c5 10. 0-0 a6 11. dxc5 Nxc5 12. b4 Nce4 13. Nxe4 Nxe4 14. Qc2 Bxb2 15. Qxb2 dxc4 16. Rfd1 Qc7 17. Qc2 f5 18. Qxc4 Qxc4 19. Bxc4 b5 20. Bb3 Bb7 21. Rac1 Nf6 22. Rd6 Nd5 23. a3 Rad8 24. Rxd8 Rxd8 25. Ng5 Rc8 26. Rxc8+ Bxc8 27. f3 h6 28. e4 hxg5 29. exd5 Kf7 30. Kf2 Ke7 31. Ke3 Kd6 32. dxe6 Bxe6 33. Bxe6 Kxe6 34. Kd4 Kd6 35. g4 f4 36. h3 Ke6 37. Kc5 Ke5 38. Kb6 Kd4 39. Kxa6 Ke3 40. Kxb5 Kxf3 41. Ka4 Kg3 42. b5 f3 43. b6 f2 44. b7 f1Q 45. b8Q+ Qf4+ 46. Qb4 Kxh3 47. Kb5 Kxg4 48. a4 Kf5 49. a5 Qxb4+ 50. Kxb4 g4 51. a6 g3 52. a7 g2 53. a8Q g1Q 54. Qd5+ Kf6 55. Qd6+ 1/2-1/2

[Event "Bergamo Province-ch"]
[Site "Bergamo"]
[Date "2013.01.19"]
[Round "1"]
[White "Colonetti, Giacomo"]
[Black "Tentori, Giulio"]
[Result "0-1"]
[WhiteElo "1374"]
[BlackElo "1720"]
[PlyCount "56"]
[EventDate "2013.01.19"]
[EventType "swiss"]
[EventRounds "6"]
[EventCountry "ITA"]
[SourceTitle "EXT 2024"]
[Source "ChessBase"]
[SourceDate "2023.10.10"]
[SourceVersion "1"]
[SourceVersionDate "2023.10.10"]
[SourceQuality "1"]

1. e4 e5 2. Nf3 Nf6 3. Nc3 Nc6 4. Be2 Bc5 5. d3 0-0 6. Be3 Qe7 7. 0-0 h6 8. a3 d6 9. Bxc5 dxc5 10. h3 Be6 11. Nh2 Rad8 12. b3 c4 13. Ng4 Nxg4 14. Bxg4 cxd3 15. Bxe6 dxc2 16. Bxf7+ Rxf7 17. Qxc2 Nd4 18. Qb2 Qg5 19. Kh1 Nf3 20. Qe2 Rdf8 21. Nd1 Qh4 22. Ra2 Rf4 23. Nc3 Ng5 24. f3 Nxh3 25. gxh3 Qxh3+ 26. Qh2 Qxf1+ 27. Qg1 Qxf3+ 28. Rg2 Rh4+ 0-1